00545pab a2200181 454500008004000000100002000040245010400060260000900164300001300173362001000186650003700196650002700233650001900260650001000279650002200289700001800311773003400329180718b2017 xxu||||| |||| 00| 0 eng d aBanerjee, Purna aTrade liberalisation and women's employment intensity: analysis of India's manufacturing industries c2017 ap.37-47. a2 Sep aindia - Manufacturing industries aManufacturing industry aLiberalization aTrade aWomens employment aVeeramani, C. aEconomic and Political Weekly